| 000 | 00898nam a22002417a 4500 | ||
|---|---|---|---|
| 999 |
_c16307 _d16307 |
||
| 003 | AR-CdUCM | ||
| 008 | 190503b ||||| |||| 00| 0 spa d | ||
| 040 |
_aMUNICIPALIDAD PROVINCIAL DEL CUSCO _cBIBLIOTECA MUNICIPAL DEL CUSCO |
||
| 041 | _heng | ||
| 082 |
_23ed. _a372.22 / _bEI34 |
||
| 100 |
_aEikenberry, William L. _935678 |
||
| 245 | _aBiología pedagógica / | ||
| 260 |
_aBuenos Aires : _bLosada, _c1958. |
||
| 300 |
_a178 páginas ; _bfiguras, _c21 cm. |
||
| 440 |
_aPublicaciones de la Revista de Pedagogía / Biblioteca Pedagógica. _n9 _935679 |
||
| 505 | _aContenido: Adaptación al medio -- El mecanismo de la reacción -- Herencia y evolución de los organismos. | ||
| 650 |
_aBiología Pedagógica _935680 |
||
| 650 |
_aEvolución _97012 |
||
| 650 |
_aNeuronas _935681 |
||
| 700 |
_aZulueta, Antonio de (traducción) _935682 |
||
| 942 |
_2ddc _cLIBROS |
||
| 945 |
_aachl _d2019-05-03 |
||